000 00658nam a22002297a 4500
003 UA-OsUOA
001 27296
007 ta
008 20040623b un ||||| |||| 00| 0 ukr d
090 _a75
_bМ65
942 _cBK
040 _aUA-OsUOA
_bukr
_cUA-OsUOA
_dUA-OsUOA
245 _aМистецтво і життя: проблеми розвитку сучасного українського мистецтва
_bЗбірник статей
_cРед. О.М.Лопухов
300 _a112 с.
955 _a0
041 _aukr
080 _a75
260 _aКиїв
_bМистецтво
_c1978
044 _aUA
650 7 _2UDC
999 _c313640
_d313640